000 00950nam1a22002411i 4500
001 rc\3992848
005 20240725231121.0
035 _a(NLR Aleph) 008068664
090 _a9049107
_c9049107
100 _a20130415g19561957|||y0rusy50 ca
101 0 _arus
102 _aRU
105 _a z |||||
200 1 _aТехнология электроаппаратостроения
_e[Учеб. пособие для энерг. и электротехн. вузов и фак. и для техникумов]
205 _a2-е изд., перераб. Ч. 1-2
210 _aМосква
_aЛенинград
_cГосэнергоиздат
_d1956-1957
215 _a2 т.
_d21
606 _aЭлектроаппаратостроение
_jУчебники и пособия
_2psbo
700 1 _aСахаров
_bП.В.
_gПетр Васильевич
801 0 _aRU
_bNLR
_gpsbo
801 1 _aRU
_bELAR
_2rusmarc
852 _aNLR
_jТ20 Г-3/349
942 _cBOOK